000
00336nam a2200133 a 4500
005
20140414132118.0
008
100520s19uu xx 00 eng d
050
_a
REF 910.722
_b
M35 2000
100
_a
Marshall, David
245
_a
Explorers.
260
_a
London :
_b
Reed International,
_c
1992.
650
_a
Explorer
999
_c
114966
_d
114966